Quizzes
Events
Quiz Creation
Community
Videos
Private Events
Remove Ads
Sign In
Join for FREE
Feedback
Dark Mode
Quiz Categories
Sports
Geography
Music
Movies
Television
Just For Fun
Miscellaneous
History
Literature
Language
Science
Gaming
Entertainment
Religion
Holiday
For Kids
Quiz Lab
Recent
Popular Today
Quiz Kudos Today
Editor Picks
Curator Picks
Quizzes by...
Day
Popularity
Type
Ratings
Length
Year
Community
Subscriptions
Recent Discussions
Orange Saloon
Badges
Playlists
Quests
Create
Leaderboards
Showdown
Live 5
Trivia Bingo
Activity
Puzzle Library
Sporcle Events
Private Events
Virtual Trivia
Globe League
Become a Host
Pub Owners
SporcleCon
Opinionation
Our Games
Videos
Blog
Mobile Apps
Partnerships
Remove Ads and Go Orange
Feedback
Language
Vocabulary
Begins and Ends
Definition
Spanish
French
German
Italian
Chinese
Latin
Translation
Japanese
Language
Vocabulary
Begins and Ends
Definition
Spanish
French
German
Italian
Chinese
Latin
Translation
Japanese
Random Quiz
Search Sporcle
×
Quiz Lab
Quiz Lab
Language
Definition
Type in answers that appear in a list
Type in answers that appear in a list
Classic
Best Score? Go Orange.
Words that End in EEK (or EAK) Stats
Can you name the Words that End in EEK (or EAK)?
By
yavetze
5m
23 Questions
168 Plays
168 Plays
168 Plays
Comments
Comments
Give Quiz Kudos
Give Quiz Kudos
-
- Ratings
hide this ad
Forced Order
Answers have to be entered in order
Answers have to be entered in order
Random Order
Randomize order of answers
Randomize order of answers
Replay
Link that replays current quiz
Next Quiz
Link to next quiz in quiz playlist
You Got
0%
They Got
Avg Score
58%
Avg Friend Score
Upgrade to see
Score Distribution
Jump to the score distribution portion of the page
Score
0/23
Timer
05:00
0
Plays Today
Definition
Word
% Correct
seven days
week
91.7%
either side of the face below the eyes
cheek
89.9%
to smell badly or offensively
reek
89.3%
a language spoken in the Meditterranean
Greek
86.3%
to take a brief look at
peek
85.7%
a natural stream of water smaller than a river
creek
84.5%
to _
_
_
_
_
_
_
_
_
_
havoc
wreak
83.3%
a member of the onion family
leek
81%
a person with odd or unusual personality
geek
78.6%
to become seperated into pieces or fragments
break
70.2%
offering little or no hope
bleak
69%
Wednesday
midweek
64.9%
Definition
Word
% Correct
a jest or scoff (or a fan of 'Glee'!)
gleek
61.3%
to _
_
_
_
_
_
_
_
_
_
out of the house
sneak
50.6%
to pinch or squeeze sharply
tweak
45.2%
well-
groomed and neatly tailored
sleek
44.6%
to try to get or reach
seek
40.5%
a fictional language from George Orwell's 1984
newspeak
30.4%
grief; sorrow caused by the loss of a loved one (or a famous hotel)
heartbreak
22%
a variety of tomato
beefsteak
19.6%
someone who is small or insignificant
pipsqueak
17.9%
language constructed to disguise or distort its actual meaning
doublespeak
16.1%
a sudden violent or spontaneous occurrance
outbreak
13.7%
Quiz Playlist
Details
Report
Send in Message
Add To Playlist
Classic:
Type in answers that appear in a list
Forced Order:
Answers have to be entered in order
Random Order:
Randomize order of answers
Last Updated: Feb 16, 2017
Quiz Scoreboard
CHALLENGE
Sign Up to Join the Scoreboard
Show All
Scores
Hide
Comments
May contain spoilers
Recently Published
9x9 Crossword: Cartoon Network
by jackfrog10
Miscellaneous
3m
College Basketball Coaching Resumes
by pancakes188
Sports
9m
Billboard Blitz: Fleetwood Mac
by CooCooCachoo
Music
15s
More to Explore
Quiz From the Vault
Featured Blog Post
Where Did the Easter Bunny Come From?
hide this ad
You Might Also Like...
Tags
Definition Quiz
end
Today's Top Quizzes in Language
Browse Language
hide this ad
Today's Top Quizzes in Definition
Browse Definition
Top Contributed Quizzes in Language
1
1-10 Letter F Words III
2
1-10 Letter G Words III
3
Alphabetize! : 'As' words
4
1-10 Letter H Words III
5
Celtic Nations in their Language
6
1-10 Letter I Words III
7
One Thing in Common: Italy
8
Order Up: Top 10 Most Native Spoken Languages
9
1-10 Letter J Words III
10
Weisst du, aus welchen Sprachen diese Wörter stammen?
Explore More
Trending Topics
Marvel
NBA
Kpop
Anime
Harry Potter
Crossword
Disney
The Office
NFL
Puzzle
Song
WWE
Pokémon
Country
Soccer
hide this ad
More By:
yavetze
Quiz
Plays
Rating
Category
Featured
Created
Middle Initials
179,874
3.97
Just For Fun
Dec 26, 2009
Neighborhoods of Queens, New York
1,059
5.00
Geography
Nov 9, 2009
Capitals of the United States in Greek
254
4.00
Language
Aug 1, 2011
Words that End in EEK (or EAK)
168
4.25
Language
Dec 26, 2009
Top 50 College/University Cities
158
3.00
Miscellaneous
May 30, 2014
Go to Creator's Profile
Score Distribution
Quiz Creator Spotlight
yavetze
Follow
Send a Message
Quizzes Created
-
Created Quiz Play Count
-
More By This Creator
Popular Quizzes Today
1
Find the US States - No Outlines Minefield
2
Find the Countries of Europe - No Outlines Minefield
3
The Countries of the World
4
Find the US States
5
Risky Map Clicking: Biggest States A-Z
6
US States
7
Popular People in 1961
8
Movies - When Are They Set?
More Language Quizzes
11-Letter Vocabulary (Easy)
Published
Trending Quizzes
Risky Map Clicking: Least Populous States A-Z
1-10 Letter G Words
Risky Map Clicking: Next State Alphabetically
Adjectives in 80s TV Shows
Risky Map Clicking: Biggest States A-Z
Recently Updated
Leaping Animals
pecheneg
Reality TV Shows (A-Z)
bhenderson79
Rickey Henderson's Hall of Fame Teammates
pecheneg
Champions League XIs: Arsenal
pecheneg
Quick Pick: Celebrities in WWE's Hall of Fame
aduchscher
A-Z Keypad Blitz II
pecheneg
Multiple Oscar Actors
pecheneg
Mystery Phrase Blitz: Oscar 'Best Actors'
pecheneg
F. Scott Fitzgerald Novels
LTH
Pick 3 Villains
ddd62291
Trending Topics
Kpop
Marvel
Crossword
Anime
Harry Potter
Disney
NBA
WWE
Puzzle
Soccer
The Office
Song
Pokémon
Country
NFL
Your Account Isn't Verified!
In order to create a playlist on Sporcle, you need to verify the email address you used during registration. Go to your
Sporcle Settings
to finish the process.
Report this User
Report this user for behavior that violates our
Community Guidelines
.
Details:
Send Report
Go to the Sporcle.com Mobile Site →
Comments